ბათუმის შოთა რუსთაველის სახელმწიფო უნივერსიტეტის ბიბლიოთეკა

Релейная защита электроенергетических систем. Релейная защита сетей. (ბიბ.ჩანაწერი № 37186)

000 -LEADER
fixed length control field 00692nam a2200205Ia 4500
001 - CONTROL NUMBER
control field 3142
003 - CONTROL NUMBER IDENTIFIER
control field GE_BSU
008 - FIXED-LENGTH DATA ELEMENTS--GENERAL INFORMATION
fixed length control field 181216s||||||||xx |||||||||||||| ||und||
040 ## - CATALOGING SOURCE
Transcribing agency GE_BSU
080 ## - UNIVERSAL DECIMAL CLASSIFICATION NUMBER
Universal Decimal Classification number 621.31(075.8)
100 ## - MAIN ENTRY--PERSONAL NAME
Personal name Федосеев,А.М.
245 ## - TITLE STATEMENT
Title Релейная защита электроенергетических систем. Релейная защита сетей.
245 ## - TITLE STATEMENT
Remainder of title Учебник для вузов.
260 ## - PUBLICATION, DISTRIBUTION, ETC.
Place of publication, distribution, etc. М.
260 ## - PUBLICATION, DISTRIBUTION, ETC.
Name of publisher, distributor, etc. Энергоатомиздат.
260 ## - PUBLICATION, DISTRIBUTION, ETC.
Date of publication, distribution, etc. 1984.
300 ## - PHYSICAL DESCRIPTION
Extent 520 стр. с илл. 20 см.
653 ## - INDEX TERM--UNCONTROLLED
Uncontrolled term Релейная защита электроенергетических систем.
942 ## - ADDED ENTRY ELEMENTS (KOHA)
Koha item type წიგნი
ეგზემპლარები
Withdrawn status Lost status Damaged status Not for loan Date acquired Barcode Date last seen Price effective from Koha item type
        2018-12-17 8507 2018-12-17 2018-12-17 წიგნი
        2018-12-17 8508 2018-12-17 2018-12-17 წიგნი
        2018-12-17 8509 2018-12-17 2018-12-17 წიგნი
        2018-12-17 8510 2018-12-17 2018-12-17 წიგნი